000 00475nam a22001697a 4500
005 20260504131239.0
020 _a9780230636590
041 _aENG
082 _a658.4034
_bSHA
100 _aSharma, J. K.
245 _aOperations research :
_bproblems and solutions /
_cJ. K. Sharma.
250 _a3rd ed.
260 _aNew Delhi :
_bMacmillan Publishers ,
_c2009.
300 _a894 pages ;
_c28 cm.
650 _aOperations research
_xProblems, exercises,
942 _2ddc
_cBK
999 _c24338
_d24338